| 000 | 00382nam a2200145Ia 4500 | ||
|---|---|---|---|
| 003 | LK-CoDNM | ||
| 008 | 010623t1907 xxu||||| |||| 00| 1 eng d | ||
| 040 |
_aLK-CoDNM _dLK-CoDNM _eLK-CoDNM |
||
| 041 | _aeng | ||
| 080 |
_a50 _bC3 |
||
| 245 | _aSt.Patrick's Annual : St.Patrick's College-Jaffna | ||
| 260 |
_bMessenger Press _aBorella _c1907 |
||
| 300 | _b62P,3ill., 23 cm | ||
| 942 | _cBK | ||
| 999 |
_c86452 _d86452 |
||